000 00285nam a22001217a 4500
008 170718b xxu||||| |||| 00| 0 eng d
041 _aeng
080 _a2
100 _a24
101 _aTEO
245 _aANTIQUE AND EARLY CHRISTIAN BOOK ILLUMINATION
_cWEITZMANN, K
942 _2udc
_cBK
999 _c21456
_d21456